[Event "Mechanics' Spring TNM; G/2"]
[Site "San Francisco"]
[Date "2017.03.28"]
[Round "3.12"]
[White "Wonsever, James"]
[Black "Sevall, Jacob"]
[Result "0-1"]
[WhiteElo "1827"]
[BlackElo "2048"]
[Annotator "Winslow,E"]
[PlyCount "74"]
[EventDate "2017.??.??"]

1. e4 c5 2. Nf3 Nc6 3. d4 cxd4 4. Nxd4 e5 5. Nb5 Nf6 6. N1c3 d6 7. Bg5 a6 8.
Na3 b5 9. Bxf6 ({Many players prefer the more controlled} 9. Nd5 Be7 10. Bxf6
Bxf6 11. c3 O-O 12. Nc2 Bg5 {when White has} 13. a4 ({as well as} 13. h4) (13.
g3) ({and} 13. Be2 Be6 14. O-O {which transposes into our game!}) (13. Nce3
Bxe3 14. Nxe3 Be6 15. Be2 Ne7 16. O-O Qb6 17. a4 bxa4 18. Nc4 Bxc4 19. Bxc4
Qxb2 20. Qxd6 Ng6 21. Rxa4 Qxc3 22. Bd5 Rad8 23. Qxa6 Nf4 24. Ra3 Qd2 {
1/2-1/2 (24) Krul,R-Veneman,H (2213) Dieren 2000})) 9... Qxf6 $6 (9... gxf6 10.
Nd5 f5 {is the starting point for myriad Sveshnikov adventures, including} (
10... Bg7 11. c3 (11. Bd3) (11. g3)) 11. Bxb5 axb5 12. Nxb5 Ra4 $1 {
when Black does okay if not well.}) 10. Nd5 Qd8 11. c3 $6 {(Rogozenco)} (11.
Bxb5 $5 {Trying to take advantage of Black's "better" pawn structure...} axb5
12. Nxb5 Be6 $2 ({Rogozenco gives as best} 12... Qa5+ 13. c3 Ra7 (13... Kd8 $2)
) ({Note} 12... Ra4 $4 {
(the best move when the pawn from g7 is on f5, see 10...gxf6)} 13. Nbc7+ Kd7
14. Qg4+ f5 15. Qxf5#) (12... Ra7 13. Nxa7 Qa5+ (13... Nxa7 14. O-O $16) 14. b4
$1 Qxa7 15. a4 $16) 13. Nbc7+ Kd7 14. Nxa8 {
1-0 (18) Brener,I (2323)-Knuth,H (2283) Osterburg 2006}) ({
The theoretical line is} 11. c4 {but Black could get good comp with} Ne7 {
Other moves lead to clear advantage for White:} (11... b4 12. Qa4 $1 Bd7 13.
Nb5 $1 axb5 14. Qxa8 Qxa8 15. Nc7+ Kd8 16. Nxa8 Nd4 17. Rc1) (11... Qa5+ 12.
Qd2 b4 13. Nc2 Rb8 14. Be2 Qc5 15. Nc7+ Kd8 16. Nd5) (11... bxc4 12. Nxc4 $16)
12. cxb5 (12. Be2 $2 Nxd5 13. cxd5 g6 14. Nc2 Bh6 15. O-O O-O 16. Qd3 f5 $15 {
0-1 Adorjan,A-Sveshnikov,E/Budapest 1967 (33)}) 12... Nxd5 13. Qxd5 (13. exd5
Be7 14. Bc4 O-O 15. O-O f5 $44) 13... Be6 14. Qd2 d5 15. bxa6 Bxa3 16. bxa3 O-O
17. exd5 $14 {(Rogozenco)}) 11... Be7 (11... Ne7 {is thematic, but} 12. Nc2
Nxd5 13. Qxd5 Be6 {has been some plus for White}) (11... g6 $5 {makes a lot of
sense, intending ...Bg7 & ...0-0 while keeping open the thought of ...Ne7 at a
more opportune moment.}) 12. Be2 O-O 13. O-O Be6 14. Nc2 Bg5 {
This could have come out of the "positional" line, see above 9.Nd5 Be7.} 15.
Nce3 Ne7 16. a4 Bxe3 17. Nxe3 Qb6 18. Qc2 $6 $146 (18. Qd2 {
(Stockfish 8's preferred move)} Rac8 19. axb5 axb5 20. Ra3 Ra8 21. Rfa1 Rxa3
22. Rxa3 Rd8 23. c4 b4 24. Ra4 Nc6 25. Nd5 Qd4 26. Qc2 Qc5 27. Qd2 Qd4 28. Qc2
{1/2-1/2 (28) Belletato,L-Moraes,A Sao Paulo 1995}) (18. axb5 axb5 19. b4 Rxa1
20. Qxa1 Qc6 21. Qa5 Qxc3 22. Qxb5 {
1-0 (105) Houard,Y (2167)-Larribere,H (1923) Marseille 2009}) 18... Rfc8 {
intending, I guess, his next move} 19. Rfd1 $5 bxa4 {Diagram #} 20. Nd5 $2 ({
White could still have a tiny bit of the better of it with} 20. Qd2) ({or} 20.
Rd2) 20... Nxd5 21. exd5 Bd7 {
Not the most beautiful extra pawn, but neither is White's b-pawn!} 22. h3 Rab8
23. Bg4 Bxg4 24. hxg4 Qxb2 25. Qxb2 Rxb2 26. Rxa4 Rb6 27. Rda1 Ra8 $6 (27...
Kf8 $1) 28. Rb4 Rxb4 29. cxb4 Kf8 30. b5 $2 (30. g5) (30. Ra5 Ke7 31. b5 Kd7
32. bxa6 Kc7 33. Ra4 Kb6 34. Rb4+ Kxa6 35. g5 $15) 30... a5 $17 31. b6 Rb8 32.
Rxa5 Rxb6 33. g5 f6 34. gxf6 gxf6 35. Ra8+ Kf7 36. Ra7+ Kg6 37. g3 $6 (37. Rd7)
37... Rb5 0-1

[Event "Mechanics' Fall TNM; G/2 d5"]
[Site "San Francisco"]
[Date "2017.11.07"]
[Round "3.9"]
[White "Wonsever, James"]
[Black "Stearman, Josiah P"]
[Result "0-1"]
[WhiteElo "1812"]
[BlackElo "2320"]
[Annotator "Winslow,E"]
[PlyCount "52"]
[EventDate "2017.??.??"]

1. d4 d5 2. Nf3 Nf6 3. c4 c6 4. Nc3 dxc4 5. a4 Bf5 6. e3 e6 7. Ne5 (7. Bxc4 Bb4
8. O-O O-O {is standard when} 9. Ne5 $6 {is not} (9. Nh4 {
(slightly best-scoring)}) (9. Qb3 Qe7) (9. Qe2 {(most common)} Nbd7 (9... Bg6
$5) 10. Ne5 $5 (10. Rd1 {and}) (10. e4 {are the main moves}))) 7... Bb4 8. Bxc4
O-O 9. O-O Nbd7 10. Nd3 ({But after all that,} 10. Qe2 $5 {
transposes into an interesting line:} Re8 $6 (10... Qc7 11. e4 Bxc3 12. Nxd7
Nxd7 13. bxc3 Bg6 14. f4 $5 (14. f3 c5 15. Be3 Rac8 16. Rfc1 Rfd8 17. a5) 14...
Rfe8 15. g4 $1 {Yow!} f6 16. f5 ({
It was possible was to chose the classical way:} 16. Ba3 {
1-0 (35) Pirc, V-Trifunovic,P/Novi Sad 1936}) 16... Bf7 17. g5 $1 fxg5 18. Bxg5
Nb6 19. Ba2 exf5 20. Rxf5 Bxa2 21. Qxa2+ Kh8 22. Raf1 h6 23. Rf7 Qc8 24. Qg2
Qe6 25. R1f6 $1 gxf6 26. Bxf6+ Qxf6 27. Rxf6 Re7 28. Rxh6+ Rh7 29. Qg6 Rxh6 30.
Qxh6+ Kg8 31. a5 Na4 32. Qe6+ Kh8 33. Qf6+ Kg8 34. e5 Nxc3 35. e6 Rf8 36. Qg6+
Kh8 37. Qh5+ Kg7 {1-0 (37) Dzagnidze,N (2516)-Danielian,E (2497) Mardin 2011
CBM 145 Extra [Mikhalchishin,A]}) (10... h6 $5) (10... Nxe5 $6) (10... Ne4 $5
11. Nxe4 Bxe4 12. Nd3 Bd6 13. f3 Bd5) 11. Rd1 Qc7 12. Nxd7 Qxd7 13. f3 Nd5 14.
Na2 Bf8 $6 (14... Bd6 $142 {Kasparov}) 15. e4 Bg6 16. Qe1 $16 f5 $4 17. exd5 {
1-0 Kasparov,G (2780) - Anand,V (2670), Dortmund 1992}) 10... Bd6 11. f3 Nb6
$146 (11... e5 $1 {has been the main move, with great results}) 12. Bb3 Bxd3
13. Qxd3 c5 14. Rd1 (14. a5 Nbd7 (14... Nbd5 15. Nxd5 Nxd5 16. Bxd5 exd5 17.
dxc5 Bxc5 {would be a little something for White with his pawns back on f2 and
even a2; here it's a lot less exciting.})) 14... Rc8 15. Qe2 Qe7 16. Nb5 Bb8
17. dxc5 Qxc5 18. Bd2 Qh5 19. h3 a6 20. Nc3 Nbd5 21. Bc2 Qe5 22. f4 Nxf4 23.
exf4 Qxe2 24. Nxe2 Rxc2 25. Bb4 Rxe2 26. Bxf8 Ba7+ 0-1

[Event "Mechanics' Winter TNM; G/2"]
[Site "San Francisco"]
[Date "2017.02.07"]
[Round "6.12"]
[White "Wonsever, James"]
[Black "Tsodikova, Natalya"]
[Result "0-1"]
[WhiteElo "1827"]
[BlackElo "2210"]
[PlyCount "81"]
[EventDate "2017.??.??"]

1. e4 e5 2. Nf3 Nc6 3. Bc4 Bc5 4. c3 Nf6 5. d3 d6 6. O-O h6 7. h3 O-O 8. Re1 a6
9. Nbd2 Ba7 10. Nf1 Na5 11. Bb3 Nxb3 12. axb3 c6 13. Ne3 Qc7 14. Nh2 Bxe3 15.
Bxe3 Be6 16. Rf1 d5 17. f4 dxe4 18. fxe5 Qxe5 19. Bd4 Qg5 20. Bxf6 gxf6 21.
dxe4 Bxh3 22. Qf3 Be6 23. b4 b6 24. Qxf6 Qxf6 25. Rxf6 Kg7 26. e5 Rfd8 27. Nf3
Rd3 28. Kf2 c5 29. bxc5 bxc5 30. b4 cxb4 31. cxb4 Rb3 32. Ra4 Rb8 33. Rxa6
R3xb4 34. Ra1 Rb2+ 35. Kg3 Kh7 36. Nh4 Rg8+ 37. Kh2 Rg5 38. Re1 Bd5 39. Re3
Bxg2 40. Nxg2 Rbxg2+ 41. Kh1 {and Black later won. Remaining moves unavailable.
} 0-1

[Event "Mechanics' Spring TNM; G/2"]
[Site "San Francisco"]
[Date "2017.04.04"]
[Round "4.27"]
[White "Yamamoto, Craig"]
[Black "Campers Jr, Willie"]
[Result "1-0"]
[WhiteElo "1500"]
[BlackElo "1721"]
[PlyCount "61"]
[EventDate "2017.??.??"]

1. Nf3 d5 2. d4 e6 3. c4 c6 4. b3 Nf6 5. Bb2 Bd6 6. e3 O-O 7. Bd3 Nbd7 8. Qc2
Re8 9. Ne5 Nf8 10. O-O Qc7 11. f4 b6 12. Nd2 Bb7 13. Ndf3 h6 14. Rac1 Rac8 15.
a3 a5 16. c5 bxc5 17. dxc5 Be7 18. g4 N6d7 19. Bd4 Ra8 20. Nxd7 Qxd7 21. g5 h5
22. Ne5 Qc8 23. g6 f6 24. Nf7 Ba6 25. Bxa6 Rxa6 26. Nd6 Bxd6 27. cxd6 e5 28.
fxe5 Qg4+ 29. Kh1 fxe5 30. Bc5 Qxg6 31. Rxf8+ 1-0

[Event "Mechanics' Spring TNM; G/2"]
[Site "San Francisco"]
[Date "2017.04.25"]
[Round "7.24"]
[White "Yamamoto, Craig"]
[Black "Casares Jr, Nick"]
[Result "1/2-1/2"]
[WhiteElo "1500"]
[BlackElo "1600"]
[PlyCount "45"]
[EventDate "2017.??.??"]

1. d4 d5 2. c4 c6 3. e3 Bf5 4. Nc3 Nf6 5. Nf3 e6 6. Be2 Nbd7 7. Nh4 Be7 8. Nxf5
exf5 9. cxd5 Nxd5 10. Nxd5 cxd5 11. Bd2 O-O 12. O-O Nf6 13. f3 Bd6 14. Bd3 Qd7
15. b4 b5 16. Qb1 g6 17. Qe1 Rfe8 18. Qh4 Be7 19. Qe1 a6 20. Qb1 Bd6 21. Qe1
Bc7 22. Qf2 Qd6 23. g3 1/2-1/2

[Event "Mechanics' Winter TNM; G/2"]
[Site "San Francisco"]
[Date "2017.01.31"]
[Round "5.38"]
[White "Yamamoto, Craig"]
[Black "Fallon, Kevin R"]
[Result "0-1"]
[WhiteElo "1500"]
[BlackElo "830"]
[PlyCount "52"]
[EventDate "2017.??.??"]

1. e4 e6 2. Nc3 d5 3. d4 Nf6 4. e5 Nfd7 5. Nce2 c5 6. c3 Nc6 7. f4 Qb6 8. Nf3
Be7 9. h4 Qc7 10. h5 b5 11. b3 Nb6 12. Be3 c4 13. a4 Ba6 14. axb5 Bxb5 15. b4
a5 16. bxa5 Rxa5 17. Rxa5 Nxa5 18. g4 Kd7 19. g5 Ra8 20. g6 fxg6 21. h6 gxh6
22. Rxh6 Nb3 23. Rxh7 Ra1 24. Bc1 Ba4 25. f5 Nxc1 26. Qd2 Nd3# 0-1

[Event "Mechanics' Spring TNM; G/2"]
[Site "San Francisco"]
[Date "2017.03.21"]
[Round "2.38"]
[White "Yamamoto, Craig"]
[Black "Hakobyan, Sos"]
[Result "1-0"]
[WhiteElo "1500"]
[BlackElo "1843"]
[PlyCount "55"]
[EventDate "2017.??.??"]

1. d4 e6 2. c4 Nf6 3. Nf3 g6 4. Nc3 Bg7 5. e4 O-O 6. Bd3 d6 7. O-O h6 8. h3 c5
9. Be3 b6 10. Qd2 g5 11. Nh2 Bb7 12. f4 cxd4 13. Bxd4 Nxe4 14. Bxe4 Bxd4+ 15.
Qxd4 Bxe4 16. Qxe4 Nd7 17. fxg5 Nc5 18. Qe3 Qxg5 19. Qd4 Rad8 20. Ne4 Nxe4 21.
Qxe4 Qc5+ 22. Kh1 Rde8 23. Rf6 Qe5 24. Qf3 d5 25. Rf1 Re7 26. Ng4 Qe4 27. Nxh6+
Kg7 28. Qh5 1-0

[Event "Mechanics' Winter TNM; G/2"]
[Site "San Francisco"]
[Date "2017.01.17"]
[Round "3.11"]
[White "Yamamoto, Craig"]
[Black "Krasnov, Steven"]
[Result "0-1"]
[WhiteElo "1500"]
[BlackElo "2043"]
[PlyCount "44"]
[EventDate "2017.??.??"]

1. e4 c5 2. d4 cxd4 3. Nf3 e6 4. Nxd4 a6 5. c4 Nf6 6. Nc3 Qc7 7. Be3 Nc6 8. f4
d6 9. Qd2 Bd7 10. Be2 Be7 11. O-O-O b5 12. cxb5 Nxd4 13. b6 Nxe2+ 14. Qxe2 Qc6
15. Bd4 O-O 16. Rhg1 Rfc8 17. e5 Qe4 18. Qd2 dxe5 19. fxe5 Ne8 20. Rge1 Qb7 21.
Kb1 Bc6 22. Qf2 Rd8 0-1

[Event "Mechanics' Winter TNM; G/2"]
[Site "San Francisco"]
[Date "2017.02.21"]
[Round "8.7"]
[White "Yamamoto, Craig"]
[Black "Sarafian, Greg"]
[Result "0-1"]
[WhiteElo "1500"]
[BlackElo "1883"]
[PlyCount "66"]
[EventDate "2017.??.??"]

1. d4 Nf6 2. c4 e6 3. Nf3 d5 4. e3 a6 5. Nc3 dxc4 6. Bxc4 b5 7. Be2 Bb7 8. a3
Nbd7 9. O-O c5 10. dxc5 Bxc5 11. b4 Be7 12. Bb2 O-O 13. Nd4 Nb6 14. Qb3 Nfd5
15. Rfd1 Qb8 16. Rac1 Nxc3 17. Qxc3 Na4 18. Qd2 Nxb2 19. Qxb2 Qe5 20. Qb1 Bd6
21. g3 Qf6 22. Bd3 g6 23. Be4 Bxe4 24. Qxe4 Be5 25. Rc5 Bd6 26. Rc6 Be5 27. Rc5
Bxd4 28. exd4 Rfd8 29. d5 Rd6 30. Re1 Rad8 31. dxe6 Rxe6 32. Re5 Rd2 33. Re2
Rxe2 0-1

[Event "Mechanics' Winter TNM; G/2"]
[Site "San Francisco"]
[Date "2017.02.07"]
[Round "6.22"]
[White "Yanofsky, Kevin"]
[Black "Clemens, Kristian"]
[Result "0-1"]
[WhiteElo "1716"]
[BlackElo "1898"]
[Annotator "Donaldson"]
[PlyCount "66"]
[EventDate "2017.??.??"]

1. d4 d5 2. c4 e6 3. Nc3 Nf6 4. cxd5 exd5 5. Bg5 Be7 6. e3 c6 7. Bd3 Be6 8. Qc2
h6 9. Bh4 Nbd7 10. Nge2 Rc8 11. O-O O-O 12. Nf4 c5 13. Rfe1 cxd4 14. exd4 Qb6
15. Qd2 Bb4 16. Rac1 Rc6 17. a3 Bd6 18. Nxe6 fxe6 19. Bb5 Rcc8 (19... Rxc3 20.
Bxd7 Ne4 {was better.}) 20. Rxe6 $2 (20. Qe2 $1) 20... Bxh2+ 21. Kxh2 Qxe6 22.
Re1 Qg4 23. Bg3 Rfe8 24. Be5 Red8 25. Bxd7 Rxd7 26. Kg1 Qf5 27. Re3 Qg5 28. Qd3
Ng4 29. f4 Qh4 30. Rg3 Nxe5 31. fxe5 Rc4 32. Qg6 Qxd4+ 33. Kh2 Qxe5 0-1

[Event "Mechanics' Fall TNM; G/2 d5"]
[Site "San Francisco"]
[Date "2017.10.31"]
[Round "2.3"]
[White "Yanofsky, Kevin"]
[Black "Diaz, Conrado"]
[Result "0-1"]
[WhiteElo "1864"]
[BlackElo "2299"]
[Annotator "Donaldson"]
[PlyCount "62"]
[EventDate "2017.??.??"]

1. d4 Nf6 2. c4 e5 3. dxe5 Ne4 4. a3 d6 5. Nf3 Nc6 6. Qc2 Nc5 7. b4 Ne6 8. exd6
cxd6 9. Bb2 d5 10. c5 d4 11. Nbd2 Be7 12. Rd1 O-O 13. Nb3 Bf6 14. e3 Re8 15.
Be2 a5 16. b5 a4 17. Nbxd4 Ncxd4 18. Nxd4 Qd5 19. Bf3 Qxc5 20. Qxc5 Nxc5 21.
Rd2 {Diagram [#]} (21. O-O {leaves White a healthy pawn up.}) 21... Nb3 $1 22.
Nxb3 axb3 23. Bxf6 gxf6 24. O-O (24. Ke2 Rxa3 25. Rhd1 $11) 24... Rxa3 25. Rb2
$2 (25. Rd4 {followed by Rb4.}) (25. Bd5 $11) 25... Re5 26. Rfb1 (26. Be2 Ra2
27. Rfb1 Rc5) 26... Rxb5 27. Be4 Be6 28. h3 f5 29. Bf3 Rb4 30. Be2 f4 31. exf4
Bf5 0-1

[Event "Mechanics' Fall TNM; G/2 d5"]
[Site "San Francisco"]
[Date "2017.11.28"]
[Round "6.33"]
[White "Yanofsky, Kevin"]
[Black "Erickson, Lane"]
[Result "1-0"]
[WhiteElo "1864"]
[BlackElo "1547"]
[PlyCount "55"]
[EventDate "2017.??.??"]

1. d4 b6 2. e4 e6 3. Nf3 Bb7 4. Bd3 Nc6 5. O-O Nge7 6. c3 d6 7. Ng5 h6 8. Qh5
g6 9. Qh3 Bg7 10. Nf3 Qd7 11. Bb5 O-O-O 12. Rd1 a6 13. Ba4 b5 14. Bc2 e5 15.
Qxd7+ Rxd7 16. d5 Na5 17. a4 Nc4 18. a5 f5 19. b3 fxe4 20. Bxe4 Bxd5 21. Bxd5
Nxd5 22. bxc4 Nxc3 23. Nxc3 e4 24. Nd4 c5 25. Be3 cxd4 26. Bxd4 b4 27. Bxg7
Rxg7 28. Nxe4 1-0

[Event "Mechanics' Peter Grey TNM; G/2 d5"]
[Site "San Francisco"]
[Date "2017.09.26"]
[Round "8.7"]
[White "Yanofsky, Kevin"]
[Black "Fuentes, Romulo C"]
[Result "1-0"]
[WhiteElo "1771"]
[BlackElo "2203"]
[PlyCount "89"]
[EventDate "2017.??.??"]

1. d4 Nf6 2. Nf3 c5 3. d5 e6 4. c4 exd5 5. cxd5 Bd6 6. Nc3 O-O 7. g3 Re8 8. Bg2
a6 9. O-O b5 10. e4 b4 11. Na4 Nxe4 12. Re1 Nf6 13. Bg5 Bb7 14. Rxe8+ Qxe8 15.
Bxf6 gxf6 16. Nh4 Bf8 17. Qg4+ Kh8 18. Be4 Qe5 19. Nf3 f5 20. Qh5 Qg7 21. Qxf5
a5 22. Ng5 f6 23. Nxh7 Na6 24. Nxf6 d6 25. Nb6 Rd8 26. Nbd7 Bc8 27. Qh5+ Qh6
28. Nxf8 Qxh5 29. Nxh5 Rxf8 30. Nf4 Re8 31. f3 Nc7 32. Kf2 a4 33. Re1 c4 34.
Bc2 Bd7 35. Rxe8+ Bxe8 36. Ke3 b3 37. axb3 cxb3 38. Be4 Nb5 39. Kd3 Nc7 40. Kc3
Na6 41. Nd3 Kg7 42. h4 Bb5 43. g4 Bxd3 44. Bxd3 Nc5 45. Bf5 1-0

[Event "Mechanics' Peter Grey TNM; G/2 d5"]
[Site "San Francisco"]
[Date "2017.08.29"]
[Round "4.11"]
[White "Yanofsky, Kevin"]
[Black "Gaffagan, Steven"]
[Result "1/2-1/2"]
[WhiteElo "1771"]
[BlackElo "2090"]
[PlyCount "72"]
[EventDate "2017.??.??"]

1. d4 Nf6 2. c4 e6 3. Nc3 Bb4 4. Qc2 Nc6 5. Nf3 O-O 6. Bd2 d5 7. e3 Re8 8. a3
Bf8 9. Bd3 a6 10. O-O g6 11. b4 Bg7 12. Rfd1 dxc4 13. Bxc4 Rb8 14. Rac1 Ne7 15.
e4 b5 16. Bb3 Bb7 17. Bg5 h6 18. Bh4 g5 19. Bg3 Ng6 20. d5 e5 21. Rd2 Bf8 22.
Nd1 Bd6 23. Ne3 Bc8 24. Re1 Nf8 25. Rde2 Bd7 26. Nf5 Kh7 27. Qd3 Kg6 28. h4
N8h7 29. hxg5 hxg5 30. Qd2 Ng4 31. Bc2 f6 32. Ne3 Rh8 33. Nh2 Nxh2 34. Bxh2 Qg8
35. f3 Nf8 36. Bg3 Qh7 1/2-1/2

[Event "Mechanics' Spring TNM; G/2"]
[Site "San Francisco"]
[Date "2017.04.18"]
[Round "6.23"]
[White "Yanofsky, Kevin"]
[Black "Handler, Andrew"]
[Result "1-0"]
[WhiteElo "1642"]
[BlackElo "1817"]
[PlyCount "117"]
[EventDate "2017.??.??"]

1. e4 c5 2. Nf3 Nc6 3. d4 cxd4 4. Nxd4 g6 5. Nc3 Bg7 6. Be3 Nf6 7. Bc4 O-O 8.
Bb3 a5 9. f3 d6 10. Qd2 Bd7 11. h4 h5 12. a4 Rc8 13. O-O-O Ne5 14. Bh6 Nc4 15.
Bxc4 Rxc4 16. Bxg7 Kxg7 17. g4 hxg4 18. h5 Rh8 19. hxg6 fxg6 20. f4 Rc5 21.
Rdf1 Rch5 22. Rxh5 Rxh5 23. f5 Qh8 24. fxg6 Qh6 25. Nf5+ Bxf5 26. exf5 Qxd2+
27. Kxd2 g3 28. Ne2 g2 29. Rg1 Rxf5 30. Rxg2 Rg5 31. Rxg5 Ne4+ 32. Ke3 Nxg5 33.
Kf4 Kxg6 34. Nc3 e5+ 35. Ke3 Kf5 36. Nd5 Nh7 37. c3 Nf6 38. Nc7 Ng4+ 39. Ke2
Ke4 40. b4 b6 41. Na8 axb4 42. cxb4 Kd5 43. Nxb6+ Kc6 44. a5 Kb7 45. b5 Nf6 46.
Nc4 Nd5 47. Nxd6+ Kc7 48. Ne4 Kb7 49. Kd3 Nc7 50. Kc4 Ne6 51. Nd6+ Ka7 52. b6+
Kb8 53. a6 Nd8 54. Kd5 Ka8 55. Nb5 e4 56. Nc7+ Kb8 57. a7+ Kc8 58. a8=Q+ Kd7
59. Kxe4 1-0

[Event "Mechanics' Winter TNM; G/2"]
[Site "San Francisco"]
[Date "2017.02.21"]
[Round "8.20"]
[White "Yanofsky, Kevin"]
[Black "Mays, Jerry"]
[Result "1-0"]
[WhiteElo "1716"]
[BlackElo "1804"]
[PlyCount "83"]
[EventDate "2017.??.??"]

1. d4 g6 2. c4 Bg7 3. Nc3 Nf6 4. Nf3 d6 5. Bg5 O-O 6. e3 Bg4 7. Be2 Na6 8. h3
Bd7 9. a3 c5 10. d5 Rb8 11. O-O Nc7 12. Qc2 a6 13. b4 b6 14. bxc5 bxc5 15. Rab1
h6 16. Bh4 Rxb1 17. Rxb1 Qc8 18. Bg3 Nh5 19. Bh2 Bxh3 20. gxh3 Bxc3 21. Qxc3
Qxh3 22. Qe1 Ne8 23. Qf1 Qg4+ 24. Qg2 Qe4 25. Nd2 Qc2 26. Bxh5 Qxd2 27. Kh1 Qc2
28. Rg1 Ng7 29. Bf3 Qxc4 30. Bf4 h5 31. Bh6 Qh4+ 32. Qh2 Qxh2+ 33. Kxh2 Rb8 34.
Be4 Kh7 35. Bxg7 Kxg7 36. Rb1 Rxb1 37. Bxb1 Kf6 38. Bd3 a5 39. f4 e6 40. dxe6
Kxe6 41. Kg3 d5 42. e4 1-0

[Event "Mechanics' Winter TNM; G/2"]
[Site "San Francisco"]
[Date "2017.01.24"]
[Round "4.25"]
[White "Yanofsky, Kevin"]
[Black "Moor, William"]
[Result "1-0"]
[WhiteElo "1716"]
[BlackElo "1407"]
[Annotator "Donaldson"]
[PlyCount "53"]
[EventDate "2017.??.??"]

1. d4 d5 2. c4 c6 3. Nf3 Nf6 4. Nc3 e6 5. e3 Bb4 6. Qb3 Ba5 7. Bd3 dxc4 8. Bxc4
O-O 9. O-O Nbd7 10. Bd3 Kh8 11. Rd1 Nd5 12. e4 Nb4 13. e5 $2 (13. Bb1) 13...
Nxd3 14. Rxd3 {Diagram [#]} Nc5 $1 15. Qc4 Nxd3 16. Qxd3 f5 17. exf6 Qxf6 18.
Ne4 Qf5 19. Ne5 h5 20. Be3 Bc7 21. Nf3 e5 22. Nh4 Qh7 23. Qa3 Bg4 $2 (23... Bf5
$11) 24. Ng5 Qc2 25. Rc1 Qe2 26. Ng6+ Kg8 27. Qb3+ 1-0

[Event "Mechanics' Spring TNM; G/2"]
[Site "San Francisco"]
[Date "2017.04.04"]
[Round "4.23"]
[White "Yanofsky, Kevin"]
[Black "Poling, Scott E"]
[Result "0-1"]
[WhiteElo "1642"]
[BlackElo "1868"]
[PlyCount "90"]
[EventDate "2017.??.??"]

1. d4 Nf6 2. c4 e6 3. Nc3 Bb4 4. Qc2 Nc6 5. Nf3 d6 6. e4 e5 7. d5 Bxc3+ 8. bxc3
Ne7 9. h3 b6 10. Bd3 O-O 11. O-O Nd7 12. Ne1 Nc5 13. f4 f6 14. f5 Ba6 15. g4
Qe8 16. g5 Qa4 17. Qg2 Kh8 18. Rf3 Nxd3 19. Nxd3 Qxc4 20. Nf2 Rad8 21. h4 c6
22. dxc6 Qxc6 23. Qg4 Be2 24. Bd2 Bxf3 25. Qxf3 Qa4 26. Qh5 Ng8 27. Ng4 Rd7 28.
g6 h6 29. Nxh6 Nxh6 30. Bxh6 gxh6 31. Qxh6+ Kg8 32. Kh2 Qxe4 33. Qh5 Qf4+ 34.
Kh1 e4 35. Kg1 Qg3+ 36. Kf1 e3 37. Qe2 Qh3+ 38. Qg2 Qxg2+ 39. Kxg2 Rc8 40. Re1
Rxc3 41. h5 Kg7 42. Kf3 e2+ 43. Kxe2 Re7+ 44. Kd2 Rxe1 45. Kxc3 Re5 0-1

[Event "Mechanics' Winter TNM; G/2"]
[Site "San Francisco"]
[Date "2017.01.10"]
[Round "2.27"]
[White "Yanofsky, Kevin"]
[Black "Rakonitz, David"]
[Result "0-1"]
[WhiteElo "1716"]
[BlackElo "1717"]
[PlyCount "77"]
[EventDate "2017.??.??"]

1. d4 Nf6 2. c4 e6 3. Nc3 Bb4 4. Qc2 c5 5. dxc5 O-O 6. g3 Nc6 7. Bg2 Bxc5 8.
Nf3 d5 9. cxd5 Nb4 10. Qb3 exd5 11. O-O Bf5 12. Ne1 Qd7 13. a3 Be6 14. axb4 d4
15. Qa4 dxc3 16. Qxd7 Nxd7 17. bxc5 cxb2 18. Bxb2 Nxc5 19. Ba3 Nb3 20. Bxf8
Nxa1 21. Bd6 Rd8 22. Be5 Nb3 23. Nd3 b6 24. Rd1 Bc4 25. Bf3 f6 26. Bf4 b5 27.
Be3 a5 28. Rb1 a4 29. Nc5 Nd2 30. Bxd2 Rxd2 31. Nd3 a3 32. Nb4 Kf8 33. Ra1 a2
34. Kg2 Rb2 35. Be4 Rxb4 36. Bxh7 Rb2 37. e3 b4 38. Be4 b3 39. Bf5 0-1

[Event "Mechanics' Spring TNM; G/2"]
[Site "San Francisco"]
[Date "2017.03.14"]
[Round "1.2"]
[White "Yanofsky, Kevin"]
[Black "Shaw, Tenzing"]
[Result "0-1"]
[WhiteElo "1642"]
[BlackElo "2295"]
[PlyCount "42"]
[EventDate "2017.??.??"]

1. d4 f5 2. e4 fxe4 3. Nc3 Nf6 4. Bg5 Nc6 5. d5 Ne5 6. Qe2 Nf7 7. Bxf6 gxf6 8.
Nxe4 Bg7 9. O-O-O c6 10. d6 e6 11. Qh5 f5 12. Ng3 Qf6 13. c3 b5 14. Bd3 b4 15.
N1e2 Rb8 16. Bxf5 exf5 17. Nxf5 O-O 18. Ne7+ Kh8 19. Kc2 bxc3 20. Nf4 Rxb2+ 21.
Kd3 Qd4# 0-1

[Event "Mechanics' Fall TNM; G/2 d5"]
[Site "San Francisco"]
[Date "2017.12.12"]
[Round "8.17"]
[White "Yanofsky, Kevin"]
[Black "Simpkins, Jerry"]
[Result "1-0"]
[WhiteElo "1864"]
[BlackElo "1548"]
[Annotator "Donaldson"]
[PlyCount "61"]
[EventDate "2017.??.??"]

1. e4 e5 2. Nf3 f5 3. Nxe5 Qe7 4. Qh5+ g6 5. Nxg6 Qxe4+ 6. Be2 Nf6 7. Qh3 hxg6
8. Qxh8 Qxg2 9. Rf1 Kf7 10. d3 Nc6 11. Qh4 d6 12. Qg3 Qd5 13. Rg1 Ne7 14. Bg5
Bg7 15. Nc3 Qa5 16. Kf1 Bd7 17. h4 Rh8 18. Re1 Qb6 19. Bf3 Bc6 20. Bxf6 Bxf6
21. Bd5+ Kf8 22. Rxe7 (22. Re6 Bxh4) 22... Kxe7 23. Qxg6 Rf8 24. Qxf5 $4 (24.
Qh7+ Kd8 25. Rg8 {winning}) 24... Bxh4 $4 (24... Bxc3 {turns the tables.}) 25.
Qe4+ Kd8 26. Qxh4+ Kc8 27. Bxc6 bxc6 28. Nd1 Qa5 29. a3 Qd2 30. Qg4+ Kd8 31.
Qg5+ 1-0

[Event "Mechanics' Summer TNM; G/2 d5"]
[Site "San Francisco"]
[Date "2017.07.11"]
[Round "7.32"]
[White "Zaman, Ahyan"]
[Black "Cohee, James"]
[Result "1-0"]
[WhiteElo "1371"]
[BlackElo "1651"]
[Annotator "Donaldson"]
[PlyCount "63"]
[EventDate "2017.??.??"]

1. e4 c5 2. Nf3 e6 3. Nc3 Nc6 4. Bc4 Qc7 5. Bb3 a6 6. h3 Nf6 7. d3 Be7 8. O-O
O-O 9. Be3 d6 10. Qd2 Na5 11. Bf4 Nxb3 12. axb3 e5 13. Bg5 Be6 14. Rfe1 b5 15.
Bxf6 Bxf6 16. Ng5 Bxg5 17. Qxg5 f6 18. Qd2 Qf7 19. Re3 b4 20. Ne2 f5 21. Rf3 $2
(21. exf5) 21... f4 22. d4 g5 $2 (22... cxd4 $19) 23. dxe5 dxe5 24. Qd6 g4 25.
Rd3 f3 26. gxf3 gxf3 27. Ng3 Bxh3 28. Qxe5 Rae8 29. Qxc5 Qg6 30. Qd6 Qg7 31.
Rxa6 Qxg3+ $4 (31... Re6 $1 32. Qxe6+ Bxe6 33. Rxe6 Qxb2 {wins.}) 32. Qxg3+ {
Backward diagonals are a common blind spot.} 1-0